000 00649nam a22002177a 4500
003 UA-OsUOA
001 126563
007 ta
008 20171027b un ||||| |||| 00| 0 ukr d
100 _aСтаростенко Н.
090 _a02
_bС77
942 _cSA
040 _aUA-OsUOA
_bukr
_cUA-OsUOA
_dUA-OsUOA
245 _aБібліотека як інформаційно-ресурсний медіа-центр
300 _aС.15-18
955 _a0
041 _aukr
080 _a02
773 0 _w126562
_tБібліотечний форум України
_dДонецьк
_d2017
_g4
650 7 _a02 Бібліотечна справа
_2UDC
999 _c413764
_d413764